000
00310nam a2200121Ia 4500
008
190216s9999||||xx |||||||||||||| ||und||
100
_a
Mannur. H.G
245
0
_a
International Economics Theory And Policy Issues
260
_b
Vikas Publishing House
_c
1983
300
_a
388p
650
_a
Economics
942
_c
BK
999
_c
9725
_d
9725